| 000 | 00586nam a2200193Ia 4500 | ||
|---|---|---|---|
| 999 |
_c37100 _d37100 |
||
| 003 | OSt | ||
| 005 | 20210127105206.0 | ||
| 008 | 190216s9999||||xx |||||||||||||| ||und|| | ||
| 020 | _a9788126917709 | ||
| 040 | _coclc | ||
| 082 |
_a954 _bATL/H |
||
| 100 | _aAtlantic Research Division | ||
| 245 | 0 |
_aHistory For UGC NET / SLET And Other Competitive Examinations / _cAtlantic Research Division |
|
| 250 | _a2nd Ed. | ||
| 260 |
_bAtlantic Publishers, _c2013. _aNew Delhi: |
||
| 300 | _a781p | ||
| 650 | _aReferences | ||
| 942 |
_cREF _2ddc _h954 _iATL/H _k954 _mATL/H |
||